00680cam a2200181Ia 4500020002700000020003200027020002200059040000800081082002600089100002700115245008200142260013800224300004100362650002100403650002900424650002600453700001900479 a0333726170 (Macmillan) a0389210234 (Barnes & Noble) a9712201295 (IRRI) cEUN04a307 BAR 2000 A019 Or.1 aHayami, Y¿±jir¿‍,12aA rice village saga :bthree decades of Green Revolution in the Philippines / aBasingstoke, England :bMacmillan ;aLanham, Md. :bBarnes & Noble ; in association with International Rice Research Institute,c2000 axviii, 274 p. :bill., maps ;c23 cm 0aGreen Revolution 0aAgricultural innovations 0aAgriculture and state1 aKikuchi, Masao